Statistics for Real Words... or Fakes? #2

Click here to take the quiz!

General Stats

  • This quiz has been taken 25 times
  • The average score is 10 of 15

Answer Stats

QuestionAnswer% Correct
KerfuffleReal
92%
PumpernickelReal
88%
Nap-slappyFake
79%
HooplahoyFake
79%
SnulliguffsFake
79%
ClodhopperReal
79%
Stumble-grumblerFake
71%
PoppinsnitcheryFake
67%
LegerdemainReal
67%
HardyknockerFake
63%
Rumble-bumbleReal
50%
HootenannyReal
50%
WhirlyhurlFake
46%
Tommy-picklerFake
42%
BegradationFake
38%

Score Distribution

Percentile by Number Answered

Percent of People with Each Score

Your Score History

You have not taken this quiz